000 01269nam0a22002651 4500
001 rc\4939744
005 20260406161112.0
035 _a(NLR Aleph) 008851134
090 _a8401185
_c8401185
100 _a20130426d1967 |||y0rusy50 ca
101 0 _arus
102 _aRU
105 _ay z |||||
200 1 _aАннотированный перечень законченных научно-исследовательских работ, выполненных Белорусским филиалом Энергетического института им. Г.М. Кржижановского в 1966 году
_fИн-т науч.-техн. информации и пропаганды при Госплане БССР...
210 _aМинск
_cБ. и.
_d1967
215 _a19 с.
_d20
300 _aВ конце текста сост.: Р.Ф. Дедков
300 _aОтпеч. множит. аппаратом
702 1 _aДедков
_bР.Ф.
_4220
710 0 2 _aЭнергетический институт им. Г. М. Кржижановского
_cМосква
_bБелорусский филиал
_3RU\NLR\AUTH\889932485
_9360260
801 0 _aRU
_bNLR
_gpsbo
801 1 _aRU
_bELAR
_2rusmarc
852 _aNLR
_j68-4/6951
942 _cBOOK
980 _aNB